| 000 | 00358nam a22001337a 4500 | ||
|---|---|---|---|
| 999 |
_c517281 _d517281 |
||
| 008 | 210708b ||||| |||| 00| 0 eng d | ||
| 100 |
_aHabib, Irfan _926387 |
||
| 245 | _aInterpreting Indian history | ||
| 260 | _aSocial Scientist | ||
| 300 | _a48(9-10), Sep-Oct, 2020: p.3-12 | ||
| 773 | _aSocial Scientist | ||
| 906 | _aHISTORY - INDIA | ||
| 942 | _cAR | ||